00583cam a22002051 4500001001300000003000400013005001700017008004100034010001700075035002000092040003200112042001200144050001600156100002300172245006200195260003100257300001900288650005500307999001500362af 48001344 DLC20260227110848.0900208s1940 sw 000 0 ger c aaf 48001344  a(OCoLC)21022745 aYale Univ. LibrarycCUdDLC apremarc00aD811b.M3571 aMast, Hans,d1902-10aSoldaten, Kameraden ...bVom Leben bei den Territorialen. aFrauenfeld,bHuberc[1940] a116 p.c20 cm. 0aWorld War, 1939-1945xPersonal narratives, German. c4467d4467